MMF zvyšuje prognózy
Svet očakáva najlepší ekonomický rast za poslednú dekádu. Medzinárodný menový fond (MMF) zvýšil odhady ekonomického rastu na r.2004 aj 2005. Oživenie v USA, silný ekonomický rast v Číne a ostatných ázijských krajinách. Oživenie hospodárskeho rastu sa očakáva aj v krajinách SVE. Výmena riaditeľa MMF.
Gespeichert in:
| Format: | Buchkapitel |
|---|---|
| Sprache: | Slowakisch |
| Schlagworte: | |
| Tags: |
Keine Tags, Fügen Sie das erste Tag hinzu!
|
MARC
| LEADER | 00000naa$a2200000$$$4500 | ||
|---|---|---|---|
| 001 | 0007934 | ||
| 005 | 20231009074534.4 | ||
| 041 | 0 | |a slo | |
| 044 | |a SK | ||
| 245 | 1 | 0 | |a MMF zvyšuje prognózy |
| 520 | |a Svet očakáva najlepší ekonomický rast za poslednú dekádu. Medzinárodný menový fond (MMF) zvýšil odhady ekonomického rastu na r.2004 aj 2005. Oživenie v USA, silný ekonomický rast v Číne a ostatných ázijských krajinách. Oživenie hospodárskeho rastu sa očakáva aj v krajinách SVE. Výmena riaditeľa MMF. | ||
| 610 | 2 | 0 | |a rast hospodársky |
| 610 | 2 | 0 | |a globalizácia hospodárstva |
| 610 | 2 | 0 | |a prognózy |
| 610 | 2 | 0 | |a USA |
| 610 | 2 | 0 | |a Čína |
| 610 | 2 | 0 | |a Ázia |
| 610 | 2 | 0 | |a SVE |
| 610 | 2 | 0 | |a produkt domáci hrubý |
| 610 | 2 | 0 | |a Medzinárodný menový fond |